[Event "Krefeld Pfingsten op"]
[Site "Krefeld"]
[Date "2025.06.07"]
[Round "3"]
[White "Goldkuhle, Collin"]
[Black "Muranyi, Erich"]
[Result "0-1"]
[WhiteElo "2059"]
[BlackElo "1948"]
[PlyCount "78"]
[EventDate "2025.06.06"]
[EventType "swiss"]
[EventRounds "9"]
[EventCountry "GER"]
[SourceTitle "CB24_2025"]
[SourceDate "2025.06.11"]
[SourceVersion "1"]
[SourceVersionDate "2025.06.11"]
[SourceQuality "1"]

1. e4 c5 2. Nc3 Nc6 3. Bb5 Nd4 4. Bc4 a6 5. a4 d6 6. Nf3 Bg4 7. Bxf7+ Kxf7 8. Ng5+ Ke8 9. Qxg4 Nxc2+ 10. Kd1 Nxa1 11. Qe6 Nh6 12. Qa2 Qb6 13. Nd5 Qb3+ 14. Qxb3 Nxb3 15. Nc7+ Kd7 16. Nxa8 Ng4 17. Ke2 Nd4+ 18. Ke1 Ne5 19. d3 Nxd3+ 20. Kd2 Nxc1 21. Kxc1 Kc6 22. Nf7 Rg8 23. Nd8+ Kd7 24. Nxb7 g6 25. Na5 Bh6+ 26. Kb1 Rxa8 27. Nc4 Rb8 28. a5 Rb5 29. g3 Nc6 30. f4 Nxa5 31. Ne3 Bg7 32. e5 dxe5 33. f5 e4 34. Rd1+ Ke8 35. Rd2 Rb3 36. Nd5 Nc4 37. Nc7+ Kf7 38. fxg6+ Kxg6 39. Re2 Rxb2+ 0-1

[Event "Krefeld Easter op"]
[Site "Krefeld"]
[Date "2025.04.18"]
[Round "2"]
[White "Muranyi, Erich"]
[Black "Nezhyvenko, Mykhaylo"]
[Result "0-1"]
[WhiteElo "1923"]
[BlackElo "2155"]
[PlyCount "40"]
[EventDate "2025.04.17"]
[EventType "swiss"]
[EventRounds "9"]
[EventCountry "GER"]
[SourceTitle "CB17_2025"]
[SourceDate "2025.04.23"]
[SourceVersion "1"]
[SourceVersionDate "2025.04.23"]
[SourceQuality "1"]

1. e4 e6 2. d4 d5 3. Nd2 c5 4. Ngf3 cxd4 5. Nxd4 Nc6 6. Nxc6 bxc6 7. Bd3 Bd6 8. 0-0 Nf6 9. f4 Bc5+ 10. Kh1 h5 11. Qe1 Ng4 12. Nb3 Bb6 13. exd5 cxd5 14. Bd2 a5 15. Bc3 d4 16. Qe4 Qh4 17. h3 Qg3 18. hxg4 hxg4+ 19. Kg1 dxc3+ 20. Nd4 Bb7 0-1

[Event "Dortmund Sparkassen op-B 51st"]
[Site "Dortmund"]
[Date "2024.08.12"]
[Round "3"]
[White "Tupac Yupanqui Herrera, Daniel"]
[Black "Muranyi, Erich"]
[Result "1-0"]
[WhiteElo "1609"]
[BlackElo "1930"]
[PlyCount "39"]
[EventDate "2024.08.10"]
[EventType "swiss"]
[EventRounds "9"]
[EventCountry "GER"]
[SourceTitle "CBM 221 Extra"]
[Source "ChessBase"]
[SourceDate "2024.09.30"]
[SourceVersion "1"]
[SourceVersionDate "2024.09.30"]
[SourceQuality "1"]

1. e4 c5 2. Nc3 Nc6 3. Bb5 Nd4 4. Nf3 e6 5. 0-0 a6 6. Bd3 Nc6 7. Re1 g5 8. h3 h5 9. Nh2 Bd6 10. Bf1 g4 11. e5 Bxe5 12. Rxe5 Nxe5 13. d4 cxd4 14. Qxd4 Ng6 15. Ne4 Qa5 16. Nd6+ Kf8 17. Be3 N8e7 18. Qf6 Rh7 19. Kh1 Qd5 20. Bd3 1-0

[Event "Arad op 15th"]
[Site "Arad"]
[Date "2022.08.08"]
[Round "1"]
[White "Muranyi, Erich"]
[Black "Manolache, Marius"]
[Result "0-1"]
[WhiteElo "1867"]
[BlackElo "2478"]
[PlyCount "140"]
[EventDate "2022.08.08"]
[EventType "swiss"]
[EventRounds "9"]
[EventCountry "ROU"]
[SourceTitle "CBM 209 Extra"]
[Source "ChessBase"]
[SourceDate "2022.09.30"]
[SourceVersion "1"]
[SourceVersionDate "2022.09.30"]
[SourceQuality "1"]

1. e4 d6 2. d4 Nf6 3. Nc3 g6 4. Nf3 Bg7 5. Be2 0-0 6. 0-0 a6 7. a4 b6 8. Bf4 Bb7 9. e5 Nfd7 10. e6 fxe6 11. Ng5 Rf6 12. Bg4 Nf8 13. Qd2 h6 14. Nge4 Kh7 15. Nxf6+ exf6 16. Qd3 Nc6 17. Be3 f5 18. Be2 Qf6 19. Rad1 f4 20. Bc1 Nxd4 21. f3 Nd7 22. Ne4 Qh4 23. c3 Nf5 24. Rfe1 d5 25. Nf2 Bf8 26. Bf1 Bc5 27. Qe2 b5 28. b4 Bb6 29. a5 Ba7 30. Bxf4 Bxf2+ 31. Qxf2 Qxf4 32. Rxe6 Nf8 33. g3 Qg5 34. f4 Qd8 35. Ree1 Qf6 36. Qc5 Ne6 37. Qf2 Nfg7 38. Re5 Rd8 39. Rde1 d4 40. Bh3 d3 41. Qd2 Rd6 42. R1e3 Nxf4 43. gxf4 Qxf4 44. Bf1 Qg4+ 45. Rg3 Qd7 46. Bh3 Qd8 47. Ree3 Nh5 48. Rg4 Bc8 49. Rge4 Qg5+ 50. Bg2 Bf5 51. Re7+ Ng7 52. Rxc7 Re6 53. Rxd3 Bxd3 54. Qxd3 Re1+ 55. Kf2 Re5 56. Rf7 h5 57. h3 Kh6 58. Kg1 Nf5 59. Qf3 Re3 60. Qf2 Rxc3 61. Kh2 Rd3 62. Ra7 Rd2 63. Qf3 Qe3 64. Qxe3+ Nxe3 65. Rxa6 Rxg2+ 66. Kh1 Ra2 67. Rb6 Kg5 68. Rxb5+ Kh4 69. Re5 Re2 70. a6 Kg3 0-1